| 000 | 00628nam a22001457a 4500 | ||
|---|---|---|---|
| 020 | _a978-1-4169-8695-9 | ||
| 082 |
_a823 _bDIX/H |
||
| 100 | _aDIXON, FRANKLIN W | ||
| 245 | _aTHE HARDY BOYS - KILLER MISSION | ||
| 260 |
_aNEW YORK _bALADDIN PAPERBACKS _c2009 |
||
| 300 | _a172 | ||
| 520 | _aThe members of the frat may seem like brothers to everyone else, but Gamma Theta Theta insiders know that within the ivy-covered walls the boys are definitely not one big happy family.... This mission requires your immediate attention. This message will be erased in five seconds. | ||
| 650 |
_aMYSTERY STORY _zUNITED STATES |
||
| 942 | _cBK | ||
| 999 |
_c7771 _d7771 |
||